000 00851nmm a2200265 a 4500
001 ocm000660891
003 TR-IsHL
005 20201028141234.0
008 131226s1998 tu tur
007 cr cn
020 _a9789757594321
035 _a660891
_b(N$T)
050 0 4 _aPL248.K59
_bM4 1998
090 0 4 _aPL248.K59
_bM4 1998
100 1 _aKızıltuğ, Fırat
245 1 0 _aMavi karanlık (şiirler)
_h[electronic resource] /
_cFırat Kızıltuğ
260 _aİstanbul :
_bTürk Edebiyatı Vakfı Yayınları,
_c1998
300 _a64 p.
650 4 _aDil ve Edebiyat
650 4 _aLanguage and Literature
650 0 _aTürk şiiri
650 0 _aTurkish poetry
650 7 _aLITERARY COLLECTIONS / Middle Eastern
_2bisacsh
856 4 0 _uhttp://search.ebscohost.com/login.aspx?direct=true&scope=site&db=e011xww&AN=660891
999 _c7711
_d7711